Online
Catalog

La gloria llamó dos veces / (Record no. 16879)

MARC details
000 -CABECERA
campo de control de longitud fija 01512nam a2200301 i 4500
001 - NÚMERO DE CONTROL
campo de control 000017354
003 - IDENTIFICADOR DEL NÚMERO DE CONTROL
campo de control DO-SdBNP
005 - FECHA Y HORA DE LA ÚLTIMA TRANSACCIÓN
campo de control 20240612152012.0
006 - CÓDIGOS DE INFORMACIÓN DE LONGITUD FIJA--CARACTERÍSTICAS DEL MATERIAL ADICIONAL
campo de control de longitud fija a||||gr|||| 00| 0
007 - CAMPO FIJO DE DESCRIPCIÓN FÍSICA--INFORMACIÓN GENERAL
campo de control de longitud fija ta
008 - DATOS DE LONGITUD FIJA--INFORMACIÓN GENERAL
campo de control de longitud fija 100323s1944 dr 000 0 spa d
040 ## - FUENTE DE LA CATALOGACIÓN
Centro catalogador/agencia de origen DO-SdBNP
Lengua de catalogación spa
Centro/agencia transcriptor BNPHU
Normas de descripción rda
082 #4 - NÚMERO DE LA CLASIFICACIÓN DECIMAL DEWEY
Número de edición 22
Número de clasificación 863.44
Número de documento/Ítem G643g
100 1# - ENTRADA PRINCIPAL--NOMBRE DE PERSONA
Nombre de persona González Herrera, Julio
9 (RLIN) 23847
Término indicativo de función/relación autor
245 13 - MENCIÓN DE TÍTULO
Título La gloria llamó dos veces /
Mención de responsabilidad, etc. Julio González Herrera.
264 #1 - PRODUCCIÓN, PUBLICACIÓN, DISTRIBUCIÓN, FABRICACIÓN Y COPYRIGHT
Producción, publicación, distribución, fabricación y copyright Ciudad Trujillo, República Dominicana :
Nombre del de productor, editor, distribuidor, fabricante La Opinión,
Fecha de producción, publicación, distribución, fabricación o copyright 1944
300 ## - DESCRIPCIÓN FÍSICA
Extensión 233 páginas ;
Dimensiones 23 cm.
336 ## - TIPO DE CONTENIDO
Fuente rdacontent
Término de tipo de contenido texto
Código de tipo de contenido txt
337 ## - TIPO DE MEDIO
Fuente rdamedia
Nombre/término del tipo de medio sin mediación
Código del tipo de medio n
338 ## - TIPO DE SOPORTE
Fuente rdacarrier
Nombre/término del tipo de soporte volumen
Código del tipo de soporte nc
500 ## - NOTA GENERAL
Nota general Novela histórica basada en la vida del patriota dominicano Juan Pablo Duarte y del pirata puertorriqueño Roberto Cofresí.
505 ## - NOTA DE CONTENIDO CON FORMATO
Nota de contenido con formato Prefacio.
Título Capítulo I: Haity Brujo.--
-- Capítulo II: Amalia.--
-- Capítulo III: Cofresí.--
-- Capítulo IV: En Busca del Tesoro.--
-- Capítulo V: En Baní.--
-- Capítulo VI: Rivalidad.--
-- Capítulo VII: De Hombre a Hombre.--
-- Capítulo VIII: Juan Pablo Duarte.--
-- Capítulo IX: Claudiciación.--
-- Capítulo X: Hacia el Amargo Destierro.--
-- Capítulo XI: 27 de Febrero de 1844.--
-- Nota.- Esta obra no concurrió al Certamen Literario con motivo del Primer Certamen de la República.
590 ## - NOTA LOCAL (RLIN)
Nota local Inventariado 2024 / MF
650 #4 - PUNTO DE ACCESO ADICIONAL DE MATERIA--TÉRMINO DE MATERIA
Término de materia o nombre geográfico como elemento de entrada Novela histórica dominicana.
9 (RLIN) 860
650 #4 - PUNTO DE ACCESO ADICIONAL DE MATERIA--TÉRMINO DE MATERIA
Término de materia o nombre geográfico como elemento de entrada Literatura dominicana.
9 (RLIN) 67
910 ## - DATOS DE OPCIÓN DEL USUARIO (OCLC)
Datos de opción del usuario Validado. Control de calidad MAA
942 ## - ELEMENTOS DE PUNTO DE ACCESO ADICIONAL (KOHA)
Fuente del sistema de clasificación o colocación Dewey Decimal Classification
Tipo de ítem Koha Libro
Holdings
Estado de retiro Estado de pérdida Fuente del sistema de clasificación o colocación No para préstamo Código de colección Localización permanente Ubicación/localización actual Ubicación en estantería Fecha de adquisición Número de inventario Total de préstamos Signatura topográfica completa Código de barras Fecha visto por última vez Precio válido a partir de Tipo de ítem Koha Nota pública Restricciones de uso Fuente de adquisición Número de copia
    Dewey Decimal Classification   Patrimonio Dominicano Raros y Valiosos Biblioteca Nacional Pedro Henríquez Ureña Biblioteca Nacional Pedro Henríquez Ureña En catalogación 12.06.2023     863.44 G643g 2024-3421 12.06.2024 12.06.2024 Libro Ejemplar autografiado por el autor Excluido de préstamo Pertenció a la biblioteca de Emilio Cordero Michel / Presidencia de la República Dominicana e.2
    Dewey Decimal Classification Excluido de préstamo Raros y valiosos Biblioteca Nacional Pedro Henríquez Ureña Patrimonio Dominicano Depósito 23.03.2010 LF1   BNPHU PD-RV 863.44 G643g 17354-10 25.06.2020 25.06.2020 No se presta Perteneció a la biblioteca personal de Martínez Boog.      

Powered by Koha